| Tag |
First Indicator |
Second Indicator |
Subfields |
| LEADER |
00000cam a2200000 4500 |
| 001 |
in00000076434 |
| 005 |
20151008052709.0 |
| 008 |
730425s1962 nyu b 00000 eng u |
| 035 |
|
|
|a (OCoLC)00610706
|
| 035 |
|
|
|9 AAH4509AM
|
| 040 |
|
|
|c YNG
|d TXA
|d UtOrBLW
|
| 049 |
|
|
|a TXAM
|c [417317]
|
| 090 |
|
|
|a LA2335.C62
|b N4
|
| 092 |
|
|
|a 082
|b C777n
|
| 110 |
2 |
|
|a New York Community Trust.
|
| 245 |
1 |
4 |
|a The Lane Cooper Fund.
|
| 264 |
|
1 |
|a New York,
|b [publisher not identified] ;
|c [1962]
|
| 300 |
|
|
|a 86 pages :
|b illustrations, portraits
|
| 336 |
|
|
|a text
|b txt
|2 rdacontent
|
| 337 |
|
|
|a unmediated
|b n
|2 rdamedia
|
| 338 |
|
|
|a volume
|b nc
|2 rdacarrier
|
| 500 |
|
|
|a Biographies and bibliographies of Lane Cooper, Jacob Cooper and Albert Stanburrough Cook, prepared by Ella Emery Rutledge.
|
| 600 |
1 |
0 |
|a Cooper, Lane,
|d 1875-1959.
|
| 600 |
1 |
0 |
|a Cooper, Jacob,
|d 1830-1904.
|
| 600 |
1 |
0 |
|a Cook, Albert S.
|q (Albert Stanburrough),
|d 1853-1927.
|
| 700 |
1 |
|
|a Rutledge, Ella Emery.
|
| 999 |
|
|
|a MARS
|
| 999 |
f |
f |
|s 5fd72f37-919e-37cc-971c-73cbd558a845
|i 6c82d18d-60b5-37c8-831b-119ebe108162
|t 0
|
| 952 |
f |
f |
|p normal
|a Texas A&M University
|b College Station
|c Sterling C. Evans Library
|d Evans: Library Stacks
|t 0
|e LA2335.C62 N4
|h Library of Congress classification
|i unmediated -- volume
|m A14800503283
|
| 998 |
f |
f |
|a LA2335.C62 N4
|t 0
|l Evans: Library Stacks
|